| 000 | 01023nam a22002537a 4500 | ||
|---|---|---|---|
| 003 | OSt | ||
| 005 | 20250411101401.0 | ||
| 008 | 240913b ||||| |||| 00| 0 eng d | ||
| 040 | _c0 | ||
| 082 | _aDPer 621.317 Ie21 December 2022 v.37 n. 12 part 1&2. | ||
| 100 |
_aFan, Gao. _eauthor. _961018 |
||
| 245 |
_aHigh-efficiency high-density mhz cellular dc/dc converter for on-board charger / _cGao Fan, Xinke Wu, Tianji Liu, and Yuhao Xu. |
||
| 260 |
_aNew York ; _bThe Institute of Electrical and Electronics Engineers, Inc., _cDecember 2022. |
||
| 300 |
_avolume 37, pages 15666-15677, _billustration. |
||
| 500 | _aIEEE Transactions on Power Electronics, v. 37 n. 12, pages 15666-15677, December 2022. | ||
| 650 | 0 |
_amultilevel. _966341 |
|
| 650 | 0 |
_anatural voltage balance. _966342 |
|
| 650 | 0 |
_aon-board charger (OBC). _966343 |
|
| 700 |
_aFan, Gao. _eauthor. _961018 |
||
| 700 |
_aWu, Xinke _eauthor. _961019 |
||
| 700 |
_aLiu, Tianji. _eauthor. _961020 |
||
| 700 |
_aXu, Yuhao. _eauthor. _961021 |
||
| 942 |
_2ddc _cPER |
||
| 999 |
_c21623 _d21623 |
||